000 00692cab a2200205 4500
001 WB3043-62
008 090401t1994 xxu||||| |||| 00| 0 eng d
035 _a(Sirsi) u4388
041 _aeng
245 _aConveyancing split may stay
260 _c1994
350 _a0
490 _aGuardian Gazette
_v91(42) 16 November 1994, 4(1)
520 _aThe Law Society Council has confounded expectations by holding fast to support of separate representation of borrowers and lenders in conveyancing despite overwhelming opposition from solicitors.
650 _aLAW SOCIETY
650 _aSEPARATE REPRESENTATION
690 _aPROPERTY LAW AND PRACTICE
942 _n0
948 _c04/03/1997
999 _c2638
_d2638